000 00489nam a2200181Ia 4500
001 24114
005 20260414151022.0
008 260414t2001||||xx |||||||||||||| ||spa||
041 _aESP
082 _a780.92
_bV39
100 _aVega Salvatierra, Zoila Elena
_eAUT
245 0 _aTexto y contexto en la obra de Roberto Carpio en la Arequipa del siglo XX
_b
260 _c2001
300 _axvii, 378 páginas :
_c21 cm.
650 _aABD
654 _aCAU
942 _cLIB
_dJUS
_fJUS
_2ddc
_n
999 _c24114
_d24114